| 000 | 00652nam a2200181 4500 | ||
|---|---|---|---|
| 001 | 121424 | ||
| 003 | ES-MaACL | ||
| 005 | 20230906191741.0 | ||
| 007 | t| | ||
| 008 | 070214s1951 it r ||||1| fre d | ||
| 245 | 0 | 0 |
_aPlages d'Italie _b: 128 stations balnéaires, avec 88 photographies, 12 petites cartes topographiques, 11 plans de villes et 1 table des distances. |
| 260 |
_aRome : _bEnit, _c1951. |
||
| 300 |
_a223 p. ; _c17 cm + _emap., fot. |
||
| 710 | 2 |
_aEnte Nazionale Industrie Turistiche (Italia) _93479 |
|
| 710 | 2 |
_aTouring Club Italiano (Milán) _96976 |
|
| 852 |
_aES-MaACL _jC-6297 _bR.32899 |
||
| 852 |
_aES-MaACL _jC-22658 _bR.50220 |
||
| 999 |
_c121424 _d121424 |
||